Music Quiz

Random Music or Song Quiz

Lyrics Map: Bohemian Rhapsody Quiz Stats

Quiz Updated Jan 29, 2016

Challenge
Share
Tweet
Score 0/175 Timer 07:00
10 Plays Today
% Correct
real
98.2%
life
96.9%
life
96.9%
life
96.9%
fantasy
96.9%
I'm
95.1%
I'm
95.1%
I'm
95.1%
I'm
95.1%
boy
94.6%
boy
94.6%
boy
94.6%
poor
94.1%
poor
94.1%
poor
94.1%
poor
94.1%
go
94%
go
94%
go
94%
reality
93.4%
easy
93.2%
easy
93.2%
escape
92.6%
No
91.8%
No
91.8%
No
91.8%
man
91%
man
91%
little
90.8%
little
90.8%
little
90.8%
he's
90.1%
He's
90.1%
Caught
89.7%
me
89.6%
me
89.6%
me
89.6%
Mama
89.3%
Mama
89.3%
Mama
89.3%
Mama
89.3%
mama
89.3%
mama
89.3%
mama
89.3%
landslide
88.4%
matter
88.3%
really
88.2%
really
88.2%
really
88.2%
really
88.2%
really
88.2%
killed
88%
Put
87.5%
put
87.5%
dead
87.3%
gun
87.3%
head
87.3%
low
87.2%
high
87.2%
% Correct
eye
86.9%
trigger
86.5%
begun
86.4%
pulled
86%
Open
85.3%
Carry
85.3%
carry
85.3%
skies
85.1%
again
84.8%
tomorrow
84.7%
eyes
83.9%
wind
83%
wind
83%
away
82.8%
come
82.6%
blows
82.6%
blows
82.6%
let
82.5%
let
82.5%
I've
82.5%
I've
82.5%
nothing
81.8%
Nothing
81.8%
Nothing
81.8%
Nothing
81.8%
against
81.7%
doesn't
81.7%
cry
81.4%
Any
80.9%
Any
80.9%
matters
80.5%
matters
80.5%
matters
80.5%
matters
80.5%
gone
80.2%
didn't
79.7%
mean
79.7%
not
79.6%
not
79.6%
way
79.4%
way
79.4%
sympathy
78.2%
thrown
78.1%
need
77.8%
So
77.3%
you
77.3%
leave
75.8%
leave
75.8%
family
74.5%
Gotta
73.9%
gotta
73.9%
gotta
73.9%
fandango
73.6%
We
71.2%
him
70.8%
don't
70.4%
Very
70%
very
70%
lightning
68.8%
% Correct
will
68.5%
love
68.3%
frightening
67.2%
Thunderbolt
66.8%
die
65.9%
Too
65.8%
late
64.7%
nobody
64.7%
behind
63.7%
never
61.7%
spine
61%
mia
60.9%
mia
60.9%
mia
60.9%
aching
60.9%
Galileo
60.9%
galileo
60.9%
Galileo
60.9%
galileo
60.9%
Galileo
60.9%
loves
60.8%
down
60.6%
shivers
59.9%
monstrosity
59.5%
think
59.4%
face
59.4%
spit
59.2%
born
58.9%
wish
58.3%
been
57.8%
truth
57.6%
outta
57.5%
Body's
57%
I'd
56.9%
Goodbye
56.5%
Spare
56.5%
here
56.5%
sometimes
56.3%
devil
56.2%
everybody
55.9%
baby
55.4%
baby
55.4%
right
54.6%
aside
50.3%
Anyone
48.3%
figaro
47.3%
Sends
45.9%
Scaramouche
45.3%
scaramouche
45.3%
can't
43.7%
Beelzebub
42.4%
magnifico
41.5%
silhouetto
41.3%
Bismillah
31.4%
Bismillah
31.4%
Bismillah
31.4%
stone
20.6%

You're not logged in!

Compare scores with friends on all Sporcle quizzes.
Sign Up with Email
OR
Log In

You Might Also Like...

Show Comments

Extras

Top Quizzes Today


Score Distribution

Your Account Isn't Verified!

In order to create a playlist on Sporcle, you need to verify the email address you used during registration. Go to your Sporcle Settings to finish the process.